Word Maker Quiz - Algeria (#2) - Statistics

General Stats
  • This quiz has been taken 13 times
  • The average score is 19 of 76
Answer Stats
Hint Answer Letters % Correct
slow computers get this Lag 3
75%
a girl Gal 3
67%
used to walk Leg 3
67%
to grow old Age 3
50%
to cause or compel Gar 3
50%
a female child Girl 4
50%
To not tell the truth Lie 3
50%
to scold Rag 3
50%
an alcoholic beverage Ale 3
42%
period of time Era 3
42%
cars have these Gear 4
42%
to stare at for a long time Glare 5
42%
a tutelary god or spirit of an ancient Roman household Lar 3
42%
a meadow Lea 3
42%
having actual existence Real 4
42%
regulation shortened Reg 3
42%
a long, narrow inlet Ria 3
42%
an East Indian shrub Aal 3
33%
one that grows old Ager 4
33%
any of a group of primitive aquatic plants Algae 5
33%
an African gazelle Ariel 5
33%
to frolic playfully Gale 4
33%
to become like jelly Gel 3
33%
big or huge Large 5
33%
one who speaks falsely Liar 4
33%
to speak with violent anger Rage 4
33%
a style of popular Algerian music Rai 3
33%
the mixture of gases that surrounds the earth Air 3
25%
an elaborate melody for a single voice Aria 4
25%
Part of body used to hear Ear 3
25%
the object of a long quest Grail 5
25%
a wild animal's resting or dwelling place Lair 4
25%
to scold in abusive or insolent language Rail 4
25%
an abnormal respiratory sound Rale 4
25%
of or befitting a king Regal 5
25%
to put in proper condition for use Rig 3
25%
to anger Rile 4
25%
an antenna Aerial 6
17%
to cause pain or discomfort to Ail 3
17%
to have actuality Are 3
17%
a British nobleman Earl 4
17%
to go Gae 3
17%
a celebration Gala 4
17%
to coat with egg white Glair 5
17%
grail Graal 5
17%
to anger Ire 3
17%
one that reclines Lier 4
17%
the offspring of a male lion and a female tiger Liger 5
17%
an East Indian cereal grass Ragi 4
17%
an erroneous English form for a former Portuguese coin Rei 3
17%
a high-ranking Turkish military officer Aga 3
8%
a viscous substance obtained from certain seaweeds Agar 4
8%
able to move quickly and easily Agile 5
8%
glaring Aglare 6
8%
severe pustular eruption Agria 5
8%
a wing or winglike part Ala 3
8%
pl. of above Alae 4
8%
pertaining to wings Alar 4
8%
sour ale Alegar 6
8%
a particular extent of space or surface Area 4
8%
areas of shifting desert sand dunes Areg 4
8%
argol Argal 5
8%
a wild sheep Argali 6
8%
a white clay Argil 5
8%
to argue Argle 5
8%
an outer covering of certain seeds Aril 4
8%
a unit of work or energy Erg 3
8%
a helmet-shaped anatomical part Galea 5
8%
supporting tissue that binds nerve tissue Glia 4
8%
a small part of the intestine Ilea 4
8%
to form a defensive encampment Laager 6
8%
a place where cattle are housed at markets Lairage 7
8%
a wreath of flowers Lei 3
8%
a Hindu musical form Raga 4
8%
the rights and privileges of a king Reaglia 7
8%
objects used by a teacher to illustrate everyday living Realia 6
8%
No matching quizzes found
Score Distribution
Percent of People with Each Score
Percentile by Number Answered
Your Score History
You have not taken this quiz